Amplificadores operacionales y circuitos integrados lineales
Saved in:
| Main Authors: | , |
|---|---|
| Format: | Bog |
| Sprog: | spansk |
| Udgivet: |
Ciudad de México
Prentice Hall Hispanoamericana
1999
|
| Udgivelse: | 3a. ed |
| Fag: | |
| Tags: |
Tilføj Tag
Ingen Tags, Vær først til at tagge denne postø!
|
MARC
| LEADER | 00000nam a2200000 a 4500 | ||
|---|---|---|---|
| 001 | UCK0045 | ||
| 003 | CL-VaPUC | ||
| 008 | 040910e19990000MX |||||||||||||||||spa|d | ||
| 020 | |a 9701702670 | ||
| 082 | 0 | 4 | |a 621.381535 |b COU |2 21 |
| 100 | 0 | |a Coughlin, Robert F |e author |9 487984 | |
| 700 | 0 | |a Driscoll, Frederick F |e author |9 487985 | |
| 245 | 1 | 0 | |a Amplificadores operacionales y circuitos integrados lineales |
| 250 | |a 3a. ed | ||
| 300 | |a 518 p | ||
| 942 | |c BK | ||
| 945 | |d 20040910 00:00:00 |a cmena | ||
| 260 | |a Ciudad de México |b Prentice Hall Hispanoamericana |c 1999 | ||
| 650 | 0 | |a Amplificadores |9 338119 | |
| 650 | 0 | |a Circuitos integrados |9 260673 | |
| 650 | 0 | |a Electrónica |9 263192 | |
| 583 | |a last modification |c 20130306 09:24:31 |k Rodrigo Vera | ||
| 999 | |c 310616 |d 310614 | ||
| 952 | |0 0 |1 0 |2 ddc |4 0 |6 621_381535000000000_COU_1999 |7 0 |8 A |9 379440 |a BIBING |b BIBING |c RES |d 2019-11-21 |i 4062000 |o 621.381535 COU 1999 |p 4062000 |r 2025-01-20 |w 2019-11-21 |y BK |k EIE | ||
| 952 | |0 0 |1 0 |2 ddc |4 0 |6 621_381535000000000_COU_1999 |7 0 |8 A |9 379441 |a BIBING |b BIBING |c RES |d 2019-11-21 |i 4062019 |o 621.381535 COU 1999 |p 4062019 |r 2025-01-20 |w 2019-11-21 |y BK |k EIE | ||
| 952 | |0 0 |1 0 |2 ddc |4 0 |6 621_381535000000000_COU_1999 |7 0 |8 A |9 379442 |a BIBING |b BIBING |c RES |d 2019-11-21 |i 4062027 |o 621.381535 COU 1999 |p 4062027 |r 2025-01-20 |w 2019-11-21 |y BK |k EIE | ||
| 952 | |0 0 |1 0 |2 ddc |4 0 |6 621_381535000000000_COU_1999 |7 0 |8 A |9 379443 |a BIBING |b BIBING |c RES |d 2019-11-21 |i 4062035 |o 621.381535 COU 1999 |p 4062035 |r 2025-01-20 |w 2019-11-21 |y BK |k EIE | ||
| 952 | |0 0 |1 0 |2 ddc |4 0 |6 621_381535000000000_COU_1999 |7 0 |8 A |9 379444 |a BIBING |b BIBING |c RES |d 2019-11-21 |i 4062043 |o 621.381535 COU 1999 |p 4062043 |r 2025-01-20 |w 2019-11-21 |y BK |k EIE | ||
| 952 | |0 0 |1 0 |2 ddc |4 0 |6 621_381535000000000_COU_1999 |7 0 |8 A |9 379445 |a BIBING |b BIBING |c RES |d 2019-11-21 |i 4062051 |o 621.381535 COU 1999 |p 4062051 |r 2025-01-20 |w 2019-11-21 |y BK |k EIE | ||
| 952 | |0 0 |1 0 |2 ddc |4 0 |6 621_381535000000000_COU_1999 |7 0 |8 A |9 379446 |a BIBING |b BIBING |c RES |d 2019-11-21 |i 406206K |o 621.381535 COU 1999 |p 406206K |r 2025-01-20 |w 2019-11-21 |y BK |k EIE | ||
| 952 | |0 0 |1 0 |2 ddc |4 0 |6 621_381535000000000_COU_1999 |7 0 |8 A |9 379447 |a BIBING |b BIBING |c RES |d 2019-11-21 |i 4062078 |o 621.381535 COU 1999 |p 4062078 |r 2025-01-20 |w 2019-11-21 |y BK |k EIE | ||
| 952 | |0 0 |1 0 |2 ddc |4 0 |6 621_381535000000000_COU_1999 |7 0 |8 A |9 379448 |a BIBING |b BIBING |c RES |d 2019-11-21 |i 4062086 |o 621.381535 COU 1999 |p 4062086 |r 2025-01-20 |w 2019-11-21 |y BK |k EIE | ||
| 952 | |0 0 |1 0 |2 ddc |4 0 |6 621_381535000000000_COU_1999 |7 0 |8 A |9 379449 |a BIBING |b BIBING |c RES |d 2019-11-21 |i 4062094 |o 621.381535 COU 1999 |p 4062094 |r 2025-01-20 |w 2019-11-21 |y BK |k EIE | ||
| 952 | |0 0 |1 0 |2 ddc |4 0 |6 621_381535000000000_COU_1999 |7 0 |8 A |9 379450 |a BIBING |b BIBING |c RES |d 2019-11-21 |i 4295560 |o 621.381535 COU 1999 |p 4295560 |r 2025-01-20 |w 2019-11-21 |y BK |k EIE | ||